000 00536cam a2200193 a 4500
003 OSt
005 20260422105052.0
008 981105s1999 nyu b 001 0 eng
020 _a9780195128130
040 _cHDL
_beng
082 0 0 _a294.54 N9
100 1 _aPechilis, Karen.
_91111496
245 1 4 _aThe embodiment of bhakti /
_cKaren Pechilis Prentiss.
260 _aNew York :
_bOxford University Press,
_c1999.
300 _axi, 265 p.
650 0 _aBhakti
_xHistory.
_91235342
942 _2CC
_cTEXL
_n0
999 _c1848364
_d1848364